Statistiques concernant Les 20 préfectures les plus proches d'Angers

Cliquez ici pour prendre le quiz!

Statistiques générales

  • Ce quiz a été pris 211 fois
  • Le résultat moyen est 16 sur 20

Statistiques - réponses

distance (en km)ville préfecture% Correct
81Nantes
98%
110Rennes
97%
82Le Mans
96%
94Tours
94%
68Laval
93%
111La Roche sur Yon
92%
153La Rochelle
87%
120Poitiers
85%
190Orleans
84%
167Vannes
83%
191Caen
82%
128Niort
80%
117Alencon
75%
142Blois
75%
186Chartres
74%
201Saint Brieuc
72%
184Chateauroux
71%
210Angouleme
68%
187Saint-Lo
61%
214Evreux
55%

Distribution des résultats

Percentile par nombre de réponses

% des personnes avec chaque résultat

Votre développement - résultats

Vous n’avez pas pris ce quiz